000
00321nam a2200121Ia 4500
008
220217s9999||||xx |||||||||||||| ||und||
082
_a
894.814 3 SOM
100
_a
Somanathananda
245
0
_a
Nagegara sri ramakrishna
260
_a
Sri Ramakrishna Ashrama
_b
Mysore
_c
2000
300
_b
18
650
_a
GENERAL BOOKS
999
_c
172951
_d
172951